1981. L'abolition de la peine capitale : Les événements fondateurs (notice n° 2006261)

détails MARC
000 -LEADER
fixed length control field 01201cam a2200145 4500500
005 - DATE AND TIME OF LATEST TRANSACTION
control field 20260329054737.0
041 ## - LANGUAGE CODE
Language code of text/sound track or separate title fre
042 ## - AUTHENTICATION CODE
Authentication code dc
100 10 - MAIN ENTRY--PERSONAL NAME
Personal name Astruc, Philippe
Relator term author
245 00 - TITLE STATEMENT
Title 1981. L'abolition de la peine capitale : Les événements fondateurs
260 ## - PUBLICATION, DISTRIBUTION, ETC.
Name of publisher, distributor, etc. Armand Colin,<br/>
Date of publication, distribution, etc. 2011.<br/>
520 ## - SUMMARY, ETC.
Summary, etc. Le 9 octobre 1981 restera l’une des grandes dates de l’histoire de France. L’abolition de la peine de mort est le fruit du combat philosophique et politique d’une élite intellectuelle porté sur la place publique et défendu dans les prétoires. Comprendre la portée de la date du 9 octobre 1981 nécessite d’une part de reprendre ce qu’a été l’utilisation de cette peine en France dans ses réalités juridique, pratique et statistique ; et d’autre part d’analyser le sens de la peine au moyen d’une échelle des sanctions débarrassée du châtiment ultime. Les auteurs exercent leurs regards croisés de magistrat et d’universitaire sur cet événement majeur de notre temps.
700 10 - ADDED ENTRY--PERSONAL NAME
Personal name Ghérardi, Éric
Relator term author
856 41 - ELECTRONIC LOCATION AND ACCESS
Uniform Resource Identifier <a href="https://droit.cairn.info/l-abolition-de-la-peine-capitale-en-france--9782200255886?lang=fr&redirect-ssocas=7080">https://droit.cairn.info/l-abolition-de-la-peine-capitale-en-france--9782200255886?lang=fr&redirect-ssocas=7080</a>

Pas d'exemplaire disponible.

PLUDOC

PLUDOC est la plateforme unique et centralisée de gestion des bibliothèques physiques et numériques de Guinée administré par le CEDUST. Elle est la plus grande base de données de ressources documentaires pour les Étudiants, Enseignants chercheurs et Chercheurs de Guinée.

Adresse

627 919 101/664 919 101

25 boulevard du commerce
Kaloum, Conakry, Guinée

Réseaux sociaux

Powered by Netsen Group @ 2025